| 000 | 00626nam a2200241Ia 4500 | ||
|---|---|---|---|
| 008 | 160404s9999 xx 000 0 und d | ||
| 020 | _a978-971-707-138-1 | ||
| 050 | _aFIL RA 781 | ||
| 050 | _b.D67 2008 | ||
| 100 | _aDorotheo, Elpidio S. | ||
| 245 | _aHealth and fitness : | ||
| 245 | _bfor all ages / | ||
| 245 | _cElpidio S. Dorotheo. | ||
| 260 | _aQuezon City: | ||
| 260 | _bAcademic Pub. Corporation, | ||
| 260 | _c2008 | ||
| 300 | _a244 pages : | ||
| 300 | _billustrations ; | ||
| 300 | _c22 cm. | ||
| 500 | _aIncludes bibliographical references. | ||
| 650 | _aHealth. | ||
| 650 | _xPhysical fitness. | ||
| 999 |
_c293103 _d293103 |
||